100 Nomes mais populares do Brasil começando com J - Statistics

Estatísticas Gerais
  • Esse quiz foi jogado 639 vezes
  • A pontuação média é 37 de 100
Estatísticas das Respostas
# NOMES FREQUÊNCIA % Correto
2 João 2.984.119
99%
1 José 5.754.529
93%
6 Júlia 431.842
92%
11 Joana 269.732
86%
3 Juliana 564.706
86%
8 Júlio 336.030
86%
22 Juliano 115.736
78%
74 John 19.753
74%
16 Jean 160.076
69%
5 Jéssica 458.284
68%
17 Jair 152.403
64%
18 Joel 144.437
64%
15 Jonas 165.105
63%
29 Jane 77.345
61%
9 Jaqueline/Jacqueline 322.445
61%
4 Jorge 465.949
60%
13 Janaína 210.831
57%
69 Jaci 22.338
54%
12 Joaquim 214.504
54%
10 Jeferson/Jefferson 308.909
53%
7 Josefa 342.606
52%
90 Júnio 12.740
52%
26 Josué 91.762
51%
30 Jamile/Jamili 76.580
49%
20 Jenifer/Jennifer/Jeniffer 132.355
48%
23 Júnior 112.652
48%
51 Jesus 35.774
47%
94 Jade 11.801
46%
24 Janete 108.731
46%
81 Jeremias 16.368
46%
27 Jaime 82.401
45%
37 Juliane 57.312
45%
28 Jairo 78.707
44%
44 Jonata 44.624
44%
19 Josiane 136.874
44%
32 Jussara 68.817
43%
62 Jurema 28.648
42%
38 Jandira 56.911
41%
21 Jonatan/Jonathan 130.067
41%
14 Joice/Joyce 170.402
40%
43 Juan 45.735
40%
68 Julieta 22.419
40%
25 Joelma 93.869
39%
91 Juliete 12.447
39%
72 Jordana 20.978
38%
35 Jackson 58.806
37%
77 Joaquina 18.578
37%
39 Josias 56.550
37%
87 Jacinto 13.404
35%
73 James 19.935
34%
71 Jânio 21.788
33%
45 Jeane 43.605
33%
34 Jonatas 61.116
33%
65 Josefina 27.996
33%
52 Josiel 35.746
33%
42 Jurandir 47.738
33%
70 Jessé 21.849
32%
61 Janice 29.032
30%
93 Jorgina 12.312
29%
41 Judite/Judith 48.024
29%
60 Jaciara 29.944
28%
100 Jacir 10.582
28%
85 Jerônimo 14.349
27%
36 Josimar 57.699
27%
86 Jacinta 13.476
26%
31 Jaílson 75.353
26%
55 Jucelino/Juscelino 32.788
26%
63 Jardel 28.258
25%
53 Josélia 34.504
25%
47 Juarez 42.811
24%
67 Jucélia 24.746
24%
46 Jacira 42.936
23%
82 Jarbas 15.473
23%
88 Jader 13.042
22%
96 Júnia 10.830
21%
59 Juvenal 29.946
21%
33 Joseane 66.069
20%
50 Jaílton 37.077
19%
75 Joabe/Joab 19.006
19%
40 Juraci 54.987
19%
92 Janine 12.371
18%
58 Josemar 29.949
18%
48 Josilene 41.843
18%
64 Jadson 28.147
17%
56 Jaíne 32.726
17%
84 Josiele 14.570
16%
49 Joelson 37.977
15%
97 Jocélia 10.795
13%
66 Josivaldo 26.871
13%
57 Jucilene 30.505
12%
99 Jadir 10.600
10%
79 Jaiane 16.990
10%
83 Jones 14.966
10%
54 Josenildo 33.719
10%
89 Josafá 12.925
9%
80 Jovelina 16.429
8%
76 Josinaldo 18.956
7%
95 Juciara 11.317
7%
78 Josenilda 17.901
6%
98 Jocimar 10.726
5%
Nenhum quiz correspondente encontrado
Distribuição das Pontuações
Porcentagem de Pessoas com Cada Pontuação
Percentil de Números Respondidos
Sua Pontuação Histórica
Você não jogou esse quiz